• 首页
  • 本馆介绍
  • 公告通知
  • 最新文献
  • 馆藏检索
  • 电子资源
  • 读者导购
  • 参考咨询
  • 我的图书馆
  • 登录
  • 详细信息显示
  • 放入我的书架
  • 预约/预借图书
  • 作者相关作品
  • 分类相关作品
  • 丛书相关作品
  • 出版社相关作品

书目信息

  • 表格格式
  • 工作单格式
  • 卡片格式
书名: The three musketeers
作者: Alexandre Dumas.
分册号:
分册名:
出版地: New York :
 
出版社: Airmont
出版时间: 1966.
页数: 544 p.
开本:
丛书名:
中图分类号:
科图分类号:
其他分类号: H319.4
主题词:
电子资源:
000 00475nam 22001817a 4500
001 E0753626774
005 20070303105600.90
008 030429s1966 nyu 000 1 eng d
020    @cCNY1.40.
040    @aNUL@cNUL
090    @aK546.332/W4.1E
090    @aH319.4
099    @dH319.4@ex399
100 1  @aDumas, Alexandre,@d1802-1870.
245 14 @aThe three musketeers / @cAlexandre Dumas.
260    @aNew York :@bAirmont,@c1966.
300    @a544 p.
920    @a232010@z2
    
    The three musketeers / / Alexandre Dumas.-New York : : Airmont, , 1966.
    544 p.
    
    
    ISBN CNY1.40.
    
●
相关链接 在E读中查询图书 在五车中查询图书 在当当中查询图书 在豆瓣中查询图书


正题名:three musketeers     索取号:H319.4/x399         预约/预借

序号 登录号 条形码 馆藏地/架位号 状态 备注
1 58612   202459936   第四借阅区/ [索取号:H319.4/x399] 在馆    
2 58613   001421312   第四借阅区/ [索取号:H319.4/x399] 在馆    
3 58614   001422240   第四借阅区/ [索取号:H319.4/x399] 在馆    
4 73581   001422204   第四借阅区/ [索取号:H319.4/x399] 在馆    
5 73582   001422231   第二样本阅览室/ [索取号:H319.4/x399] 在馆    
唐山师范学院图书馆 欢迎您!
大连网信软件有限公司© 版权所有